banner-ar

التراث العربى الاسلامى : (Record no. 64451)

MARC details
000 -الفاتح
حقل البيانات ثابتة الطول 01052nam a22002417a 4500
005 - وقت وتاريخ اخر تعامل مع التسجيلة
رقم الضبط 20240530110732.0
008 - عناصر البيانات ثابتة الطول - معلومات عامة
حقل البيانات ثابتة الطول 180514s1999 uk g 000 0 ara d
017 ## - رقم الايداع القانونى
المصدر ( الهيئة المختصة) مصر. دار الكتب
020 ## - الرقم الدولى المعيارى للكتب
الرقم الدولى المعيارى للكتاب 1873992491
040 ## - مصدر الفهرسة
وكالة الفهرسة الأصلية EG-CaGPL
وكالة النسخ EG-CaGPL
082 04 - رقم تصنيف ديوى العشرى
رقم الطبعة 21
رقم التصنيف 011.21 /
رقم المادة م ت
100 0# - المدخل الرئيسى - إسم شخصى
الإسم الشخصى محمد فتحى عبدالهادى
245 12 - بيان العنوان
العنوان التراث العربى الاسلامى :
بقية العنوان ببليوجرافية بالانتاج الفكرى العربى من 1882 الى 1998 /
بيان المسئوليه,etc اعداد محمد فتحى عبدالهادى
260 ## - PUBLICATION, DISTRIBUTION, ETC. (IMPRINT)
تاريخ النشر أو التوزيع 1999.
300 ## - الوصف المادى
التعداد 191.ص ؛
أبعاد الوعاء 24 سم.
490 0# - بيان السلسلة
عنوان السلسلة سلسلة ببليوجرافيات الفرقان ؛
رقم المجلد/ التعيين التسلسلي 1
490 0# - بيان السلسلة
عنوان السلسلة منشورات الفرقان ؛
رقم المجلد/ التعيين التسلسلي 49.
650 07 - المدخل الاضافى بالموضوع-مصطلح موضوعى
مصدر الرأس أو المصطلح qrmak
مصطلح موضوعي التراث العربى
التقسيم الفرعي الشكلي ببليوجرافيات
650 07 - المدخل الاضافى بالموضوع-مصطلح موضوعى
مصدر الرأس أو المصطلح qrmak
مصطلح موضوعي المخطوطات العربية
التقسيم الفرعي الشكلي ببليوجرافيات
651 ## - المدخل الاضافى بالموضوع - اسم جغرافى
مصدر الرأس أو المصطلح qrmak
942 ## - عناصر المدخل الإضافي( كوها)
مصدر التصنيف او مخطط الترفيف Dewey Decimal Classification
Koha [default] item type كتاب
260 ## - PUBLICATION, DISTRIBUTION, ETC. (IMPRINT)
-- انجلترا،
-- مؤسسة الفرقان للتراث الاسلامى،
Holdings
حالة التراجع حالة الفقد حالة تلف ليس للاعارة المكان المؤقت الموقع الحالى موقع الترفيف تاريخ الاكتساب اجمالي اﻻعارات رقم الطلب الباركود تاريخ اخر مشاهدة تاريخ تفعيل السعر نوع وعاء كوها
        مكتبة القاهرة الكبرى مكتبة القاهرة الكبرى القاعة الرئيسية 05/14/2018   011.21 / م ت 164761 05/14/2018 05/14/2018 كتاب

Powered By

EGPV